000 01397nam a22002777a 4500
001 EPSA 0165
003 gtcocun
005 20250906121046.0
006 a||||gr|||| 00| 0
007 ta
008 250906b2018 gt ||||| m||| 00| 0 eng d
040 _agtcocun
_bSPA
_cgtcocun
_eRDA
041 _aSPA EPSA 0165
084 _0EPSA 0165
100 _aArévalo Passow, Maritza Nineth
_eAutor
245 _aINFORME FINAL DEL EJERCICIO PROFESIONAL SUPERVISADO REALIZADO EN LA MUNICIPALIDAD DE PURULHÁ, UBICADA EN PURULHA, BAJA VERAPAZ./
_cMaritza Nineth Arévalo Passow.
_hImpreso
264 _aCobán, Alta Verapaz:
_bUniversidad de San Carlos de Guatemala, Centro Universitario del Norte, Licenciatura en Administración de Empresas
_c2018
300 _a133 p.:
_bIlustraciones, gráficas.
_c28 cm;
502 _eEPSA 0165
502 _aEjercicio Profesional Supervisado
_bLicenciatura en Administración de Empresas,
_cUniversidad de San Carlos de Guatemala, Centro Universitario del Norte, Licenciatura en Administración de Empresas
_d2018
_oEPSA 0165
650 1 4 _2LEMB
_aPurulhá, Baja Verapaz
_xAdminsitración
_xEstructuración municipal
_xPlaneación estrategica
_xRecurso económicos
_xMunicipalidad de Purulhá
700 _eAsesor
856 _uSin archivo en línea.
_zSin archivo en línea.
942 _2ddc
_cTES
_iEPSA 0165
_kClasificación
_n0
_6EPSA_0165_000000000000000
999 _c1725
_d1725